University Home | Library Home | Institutional Repository

Adult education in Botswana, 1960-1980: an annotated bibliography. (Record no. 30739)

MARC details
000 -LEADER
fixed length control field 00588cam8a220018100 4500
001 - CONTROL NUMBER
control field zam00002704
008 - FIXED-LENGTH DATA ELEMENTS--GENERAL INFORMATION
fixed length control field 970717n xx eng u
035 ## - SYSTEM CONTROL NUMBER
System control number (Sirsi) r132704
040 ## - CATALOGING SOURCE
Modifying agency UPRA
100 ## - MAIN ENTRY--PERSONAL NAME
Personal name Syopungman, Frank.
Linkage A106737.1
245 10 - TITLE STATEMENT
Title Adult education in Botswana, 1960-1980: an annotated bibliography.
260 ## - PUBLICATION, DISTRIBUTION, ETC.
Place of publication, distribution, etc. Gaborone :
Name of publisher, distributor, etc. University Coolege of Botswana,
Date of publication, distribution, etc. 1981.
520 ## - SUMMARY, ETC.
Summary, etc. This is a bibliography on adult education in Botswana.
650 #4 - SUBJECT ADDED ENTRY--TOPICAL TERM
Topical term or geographic name entry element Adult Education.
Linkage S3683.2
650 #4 - SUBJECT ADDED ENTRY--TOPICAL TERM
Topical term or geographic name entry element Botswana.
Linkage S25516.3
949 10 - LOCAL PROCESSING INFORMATION (OCLC)
m INESOR
t BOOK
l ON-SHELF

No items available.

© 2026 - The University of Zambia Library - Koha v25.11